| 000 | 01126nam a22003377a 4500 | ||
|---|---|---|---|
| 003 | CHAP | ||
| 005 | 20220329134410.0 | ||
| 008 | 971013s1962 r 00010 d | ||
| 010 | _a19952 | ||
| 011 | _a20924 | ||
| 035 | _a25013 | ||
| 040 | _cCHAP | ||
| 082 |
_a636.5084 _bB6Y 1959 |
||
| 100 | 0 | 0 |
_aBolton, W. _913610 |
| 245 | _aNutrición aviar | ||
| 260 |
_aZaragoza : _bAcribia, _c1962 |
||
| 300 |
_a157 p. _b; gráfs. |
||
| 490 | _aManuales de técnica agropecuaria | ||
| 590 |
_aBATCH-UPD _b10 _c20130110 _lUCH01 _h1508 |
||
| 590 |
_aBATCH-UPD _b10 _c20130410 _lUCH01 _h0926 |
||
| 590 |
_aBATCH-UPD _b10 _c20130914 _lUCH01 _h0442 |
||
| 590 |
_aCONVERSION _b10 _c20130109 _lUCH01 _h1312 |
||
| 650 | 1 | 4 |
_aAves de corral _xAlimentación. _98638 |
| 650 | 1 | 4 |
_aAves de corral _xNutrición. _98672 |
| 710 | 0 |
_aGran Bretaña. Ministry of Agriculture, Fisheries and Food. _950316 |
|
| 830 | 0 |
_aManuales de técnica agropecuaria _970676 |
|
| 901 | _aBK | ||
| 942 | _cLIBRO | ||
| 949 |
_a636.5084 B6Y 1959 _bBC _cLIBRO _d-57695 _eLIBRO _h36972 _i25013 _si |
||
| 949 |
_a636.5084 B6Y 1959 _bBC _cLIBRO _d-57696 _eLIBRO _fc.2 _h36973 _i25013 _si |
||
| 999 |
_c19952 _d19952 |
||